El nuevo paradigma productivo y tecnológico: la necesidad de políticas para la autonomía económica de las mujeres

Guardat en:
Dades bibliogràfiques
Autors principals: Scuro, Lucía (Autor), Bercovich, Néstor (Autor)
Format: Llibre
Idioma:espanyol
Publicat: Santiago Comisión Económica para América Latina y el Caribe 2014
Edició:1a. ed
Col·lecció:Desarrollo Económico, 131
Matèries:
Etiquetes: Afegir etiqueta
Sense etiquetes, Sigues el primer a etiquetar aquest registre!

MARC

LEADER 00000cam a2200000 a 4500
001 UCE5570
003 CL-VaPUC
008 150123e20141100cl |||||||||||||||||spa|d
020 |a 9789211218664 
082 0 4 |a 362.83  |b SCU  |2 21 
100 0 |a Scuro, Lucía  |e author  |9 578243 
700 0 |a Bercovich, Néstor  |e author  |9 578244 
245 1 3 |a El nuevo paradigma productivo y tecnológico: la necesidad de políticas para la autonomía económica de las mujeres 
250 |a 1a. ed 
300 |a 183 p 
942 |c BK 
945 |d 20150123 15:06:00  |a arojas 
260 |a Santiago  |b Comisión Económica para América Latina y el Caribe  |c 2014 
650 0 |a Mujeres  |9 257649 
650 0 |a Tecnología de la información   |9 254825 
650 0 |a Tecnologías de las comunicaciones   |9 335459 
650 0 |a Sociedad de la información   |9 417579 
650 0 |a Sociedad del conocimiento  |9 464837 
650 0 |a Políticas públicas  |9 309677 
650 0 |a Igualdad de género   |9 546896 
583 |a last modification  |c 20160914 01:05:55  |k Rodrigo Vera 
490 0 |a Desarrollo Económico, 131 
999 |c 358250  |d 358248 
952 |0 0  |1 0  |3 erb  |4 0  |6 362_830000000000000_SCU_2014  |7 0  |8 A  |9 466863  |a BIBGIM  |b BIBGIM  |i 5135672  |o 362.83 SCU 2014  |p 5135672  |r 2025-01-15  |w 2019-11-23  |y BK  |z Catalogado en:20150123  |k SSL